Flags of all countries in the world by capital (Very Hard +) - Statistics

General Stats
  • This quiz has been taken 58 times
    4 since last reset
  • The average score is 125 of 299
Answer Stats
Picture Hint Answer % Correct
Addis Ababa
100%
Amsterdam
100%
Bern
100%
Bissau
100%
Brussels
100%
Buenos Aires
100%
Georgetown
100%
Havana
100%
Hong Kong
100%
Jakarta
100%
Kuala Lumpur
100%
Lisbon
100%
Mogadishu
100%
Ottawa
100%
Panama City
100%
Tbilisi
100%
Tunis
100%
Vientiane
100%
Yamoussoukro/Abidjan
100%
Abu Dhabi
67%
Abuja
67%
Accra
67%
Algiers
67%
Andorra la Vella
67%
Ankara
67%
Antananarivo
67%
Asunción
67%
Athens
67%
Bairiki / South Tarawa
67%
Bandar Seri Begawan
67%
Bangkok
67%
Banjul
67%
Beijing
67%
Beirut
67%
Belgrade
67%
Berlin
67%
Bishkek
67%
Bloemfontein/Cape Town/Pretoria
67%
Bogotá
67%
Brasília
67%
Bratislava
67%
Brazzaville
67%
Bucharest
67%
Budapest
67%
Cairo
67%
Canberra
67%
Caracas
67%
Copenhagen
67%
Delap / Majuro
67%
Dhaka
67%
Dublin
67%
Edinburgh
67%
Gaborone
67%
Guatemala City
67%
Hanoi
67%
Helsinki
67%
Islamabad
67%
Jerusalem
67%
Kabul
67%
Kathmandu
67%
Kigali
67%
Kingston
67%
Kinshasa
67%
Kuwait City
67%
Kyiv
67%
La Paz / Sucre
67%
Lima
67%
London
67%
London
67%
Luanda
67%
Luxembourg
67%
Macao
67%
Madrid
67%
Managua
67%
Manama
67%
Manila
67%
Mexico City
67%
Minsk
67%
Monaco
67%
Montevideo
67%
Moscow
67%
Muscat
67%
Nairobi
67%
Nassau
67%
Naypyidaw
67%
N'Djamena
67%
New Delhi
67%
Ngerulmud
67%
Oslo
67%
Paris
67%
Phnom Penh
67%
Podgorica
67%
Prague
67%
Pyongyang
67%
Ramallah
67%
Reykjavík
67%
Riga
67%
Riyadh
67%
Rome
67%
Saint George's
67%
Sana'a
67%
San Juan
67%
San Marino
67%
Santiago
67%
Sarajevo
67%
Seoul
67%
Singapore
67%
Sofia
67%
Stockholm
67%
Taipei
67%
Tallinn
67%
Tashkent
67%
Tehran
67%
Tirana
67%
Tokyo
67%
Tripoli
67%
Ulaanbaatar
67%
Vaduz
67%
Vaiaku / Funafuti
67%
Vatican City
67%
Victoria
67%
Vienna
67%
Vilnius
67%
Warsaw
67%
Washington
67%
Wellington
67%
Yaoundé
67%
Zagreb
67%
Amman
33%
Aosta
33%
Apia
33%
Ashgabat
33%
Asmara
33%
Astana
33%
Baghdad
33%
Baku
33%
Bamako
33%
Bangui
33%
Barcelona
33%
Basseterre
33%
Belfast
33%
Belmopan
33%
Brades / Plymouth
33%
Bridgetown
33%
Cagliari
33%
Capitol Hill / Saipan
33%
Cardiff
33%
Castries
33%
Cayenne
33%
Chișinău
33%
Ciudad de la Paz
33%
Conakry
33%
Dakar
33%
Damascus
33%
Diego Garcia
33%
Dili
33%
Diyarbakır
33%
Djibouti
33%
Dodoma
33%
Doha
33%
Dushanbe
33%
Edinburgh of the Seven Seas
33%
Freetown
33%
Gibraltar
33%
Gitega
33%
Harare
33%
Honiara
33%
Juba
33%
Kampala
33%
Khartoum
33%
Kingstown
33%
Libreville
33%
Lilongwe
33%
Ljubljana
33%
Lomé
33%
Lusaka
33%
Malé
33%
Maputo
33%
Maseru
33%
Mbabane
33%
Monrovia
33%
Moroni
33%
Munich
33%
Naha
33%
Niamey
33%
Nicosia
33%
Nicosia
33%
Nouakchott
33%
Nouméa
33%
Nukuʻalofa
33%
Nuuk
33%
Ouagadougou
33%
Pago Pago / Fagatogo
33%
Palermo
33%
Palikir
33%
Papeete
33%
Paramaribo
33%
Port-au-Prince
33%
Port Louis
33%
Port Moresby
33%
Port of Spain
33%
Porto-Novo
33%
Port Vila
33%
Praia
33%
Pristina
33%
Quito
33%
Rabat
33%
Roseau
33%
Saint John's
33%
San José
33%
San Salvador
33%
Santo Domingo
33%
São Tomé
33%
Skopje
33%
Sri Jayawardenepura Kotte
33%
Stanley
33%
Suva
33%
Tegucigalpa
33%
Thimphu
33%
Trento
33%
Trieste
33%
Ürümqi / Dihua
33%
Valletta
33%
Windhoek
33%
Yaren
33%
Yerevan
33%
Zanzibar
33%
Abakan
0%
Adamstown
0%
Alofi
0%
Atafu
0%
Avarua
0%
Basse-Terre
0%
Batumi
0%
Charlotte Amalie
0%
Cheboksary
0%
Cherkessk
0%
Comrat
0%
Douglas
0%
El Aaiún
0%
Elista
0%
Flying Fish Cove
0%
Fort-de-France
0%
George Town
0%
Georgetown
0%
Gorno-Altaysk
0%
Grand Turk / Cockburn Town
0%
Grozny
0%
Gustavia
0%
Hagåtña
0%
Hamilton
0%
Hanga Roa
0%
Hargeisa
0%
Honolulu
0%
Izhevsk
0%
Jamestown
0%
Kazan
0%
Kingston
0%
Kralendijk
0%
Kyzyl
0%
Lhasa
0%
Magas
0%
Makhachkala
0%
Mamoudzou
0%
Mariehamn
0%
Marigot
0%
Mata-Utu
0%
Maykop
0%
Nalchik
0%
Novi Sad
0%
Nukus
0%
Oranjestad
0%
Oranjestad
0%
Petrozavodsk
0%
Philipsburg
0%
Road Town
0%
Saint Denis
0%
Saint Helier
0%
Saint Peter Port
0%
Saint Pierre
0%
Saint-Pierre
0%
Sapporo
0%
Saransk
0%
Sukhumi
0%
Syktyvkar
0%
The Bottom
0%
The Valley
0%
Tiraspol
0%
Tórshavn
0%
Toulouse
0%
Georgian Part Tskhinvali
0%
Ufa
0%
Ulan-Ude
0%
Vitoria-Gasteiz
0%
Russian Part Vladikavkaz
0%
West Island
0%
Willemstad
0%
Yakutsk
0%
Yoshkar-Ola
0%
No matching quizzes found
Score Distribution
Percent of People with Each Score
Percentile by Number Answered
Your Score History
You have not taken this quiz since the last reset